[Event "Bremen-ch Seniors"]
[Site "Bremen"]
[Date "2010.04.02"]
[Round "6"]
[White "Hartmann, Horst Werner"]
[Black "Hoose, Hannelore"]
[Result "1/2-1/2"]
[WhiteElo "1512"]
[BlackElo "1492"]
[PlyCount "62"]
[EventDate "2010.03.27"]
[EventType "swiss"]
[EventRounds "7"]
[EventCountry "GER"]
[SourceTitle "EXT 2022"]
[Source "ChessBase"]
[SourceDate "2021.10.06"]
[SourceVersion "1"]
[SourceVersionDate "2021.10.06"]
[SourceQuality "1"]

1. d4 g6 2. c4 c6 3. Nc3 Bg7 4. e3 e6 5. Nf3 d6 6. Bd3 Ne7 7. 0-0 0-0 8. Qe2 Nd7 9. Bd2 d5 10. Rfd1 e5 11. cxd5 cxd5 12. dxe5 Nxe5 13. Nxe5 Bxe5 14. Rac1 Be6 15. Be1 a6 16. Bb1 Rc8 17. a3 Qd6 18. f4 Bg7 19. Na2 Rxc1 20. Rxc1 Rc8 21. Bc3 Bxc3 22. Rxc3 Rxc3 23. Nxc3 Qc6 24. Qd2 b5 25. Ne2 Qc5 26. Kf2 Nc6 27. h3 a5 28. g4 Bd7 29. Ba2 Be6 30. Qc3 Qd6 31. Qd2 Qc5 1/2-1/2